Θεωρία και προβλήματα στα διακριτά μαθηματικά / (Record no. 9822)
[ view plain ]
| 000 -LEADER | |
|---|---|
| fixed length control field | 01933nam a22003377a 4500 |
| 003 - ΤΑΥΤΟΤΗΤΑ ΤΟΥ ΑΡΙΘΜΟΥ ΕΛΕΓΧΟΥ | |
| Πεδίο ελέγχου | GR-AtMCL |
| 005 - ΗΜΕΡΟΜΗΝΙΑ ΚΑΙ ΩΡΑ ΤΕΛΕΥΤΑΙΑΣ ΕΝΗΜΕΡΩΣΗΣ | |
| Πεδίο ελέγχου | 20250724120458.0 |
| 006 - FIXED-LENGTH DATA ELEMENTS--ADDITIONAL MATERIAL CHARACTERISTICS | |
| Πεδίο ελέγχου σταθερού μήκους | a|||||r||||||||||| |
| 008 - FIXED-LENGTH DATA ELEMENTS--GENERAL INFORMATION | |
| Πεδίο ελέγχου σταθερού μήκους | 070208s2003||||gr a|||e ||| 001 gre # |
| 020 ## - ISBN | |
| ISBN | 9608050928 |
| 040 ## - ΠΗΓΗ ΚΑΤΑΛΟΓΟΓΡΑΦΗΣΗΣ | |
| Φορέας πρωτότυπης καταλογογράφησης | |
| Γλώσσα καταλογογράφησης | Ελληνικά, Μοντέρνα (1453-) |
| Modifying agency | MC Athens Campus Library |
| Κανόνες περιγραφικής καταλογογράφησης | AACR2 |
| 041 1# - ΓΛΩΣΣΑ | |
| Κωδικός γλώσσας πρωτότυπου | Αγγλικά |
| 100 1# - MAIN ENTRY--PERSONAL NAME | |
| Personal name | Lipschutz, Seymour |
| Σχέση | |
| 9 (RLIN) | 197489 |
| 245 10 - ΤΙΤΛΟΣ ΚΑΙ ΔΗΛΩΣΗ ΥΠΕΥΘΥΝΟΤΗΤΑΣ | |
| Τίτλος | Θεωρία και προβλήματα στα διακριτά μαθηματικά / |
| Statement of responsibility, etc. | Seymour Lipschutz [και] Marc Lars Lipson ; επιμέλεια μετάφρασης Γεώργιος Λ. Μπλέρης ; μετάφραση Λεωνίδας Γαβριηλίδης |
| 250 ## - EDITION STATEMENT | |
| Edition statement | 2η έκδ. |
| 260 ## - PUBLICATION, DISTRIBUTION, ETC. | |
| Place of publication, distribution, etc. | Θεσσαλονίκη : |
| Name of publisher, distributor, etc. | Τζιόλα, |
| Date of publication, distribution, etc. | c2003 |
| 300 ## - PHYSICAL DESCRIPTION | |
| Extent | 600σ. : |
| Other physical details | εικ. ; |
| Διαστάσεις | 29εκ. |
| 490 1# - SERIES STATEMENT | |
| Δήλωση σειράς | Schaum's outline series |
| 500 ## - GENERAL NOTE | |
| Γενική σημείωση | Ευρετήρια: σ. 593-600 |
| 500 ## - GENERAL NOTE | |
| Γενική σημείωση | Τίτλος πρωτοτύπου: Discrete mathematics |
| 520 ## - SUMMARY, ETC. | |
| Summary, etc. | Θεωρία συνόλων, Σχέσεις, Συναρτήσεις, και αλγόριθμοι, Λογική και προτασιακός λογισμός, Διανύσματα και πίνακες, Αρίθμηση, Θεωρία πιθανοτήτων, Θεωρία Γραφημάτων, Κατευθυνόμενα γραφήματα, Δυαδικά δένδρα, Ιδιότητες των ακεραίων, Αλγεβρικά συστήματα, Γλώσσες, Γραμματικές, Μηχανές, Διατεταγμένα σύνολα και πλέγματα, Άλγεβρα Boole, Σχέσεις περιοδικής επανάληψης, κ.α. |
| 650 ## - SUBJECT ADDED ENTRY--TOPICAL TERM | |
| Topical term or geographic name entry element | Άλγεβρα |
| 650 #0 - SUBJECT ADDED ENTRY--TOPICAL TERM | |
| Topical term or geographic name entry element | Πληροφορική |
| 9 (RLIN) | 9850 |
| 650 #0 - SUBJECT ADDED ENTRY--TOPICAL TERM | |
| Topical term or geographic name entry element | Computing |
| 9 (RLIN) | 9851 |
| 700 1# - ΠΡΟΣΘΕΤΗ ΑΝΑΓΡΑΦΗ--ΦΥΣΙΚΟ ΠΡΟΣΩΠΟ | |
| Personal name | Lipson, Marc |
| Σχέση | Συγγραφέας |
| 700 1# - ΠΡΟΣΘΕΤΗ ΑΝΑΓΡΑΦΗ--ΦΥΣΙΚΟ ΠΡΟΣΩΠΟ | |
| Personal name | Μπλέρης, Γεώργιος |
| 700 1# - ΠΡΟΣΘΕΤΗ ΑΝΑΓΡΑΦΗ--ΦΥΣΙΚΟ ΠΡΟΣΩΠΟ | |
| Personal name | Γαβριηλίδης, Λεωνίδας |
| Σχέση | Μεταφραστής |
| 830 #0 - SERIES ADDED ENTRY--UNIFORM TITLE | |
| Ομοιόμορφος τίτλος | Schaum's outline series |
| 942 ## - ADDED ENTRY ELEMENTS (KOHA) | |
| Koha item type | Books |
| Τύπος τεκμηρίου | Βιβλιοθήκη | Τρέχουσα τοποθεσία | Αριθμός εισαγωγής | Ημερομηνία απόκτησης | Ταξιθετικό σύμβολο | Αριθμός αντιτύπου | Κατάσταση απόσυρσης | Κατάσταση χαμένου | Κατάσταση κατεστραμμένου | Μη δανεισμός | Σύνολο δανεισμών | Ημερομηνία τελευταίας εμφάνισης | Η τιμή ισχύει από |
|---|---|---|---|---|---|---|---|---|---|---|---|---|---|
| Books | MC Athens Campus Library | MC Athens Campus Library | 8116 | 24/07/2025 | 511.1 LIP | 1 | 24/07/2025 | 24/07/2025 |